000 00434pam a2200157 a 4500
020 _a0781723728
_c
041 _h
082 _a617.574
_bGEL
100 _aGELBERMAN, R .
245 _aMASTER TECHNIQUES IN ORTHOPAEDIC SURGERY : THE WRIST /
_cNULL.
_hTextual Documents
250 _a2 /
_b.
260 _aNULL :
_bLIPPINCOTT WILLIAMS & WILKINS ,
_c2002.
300 _a503 :
_bXVIII ;
_cA4 .
930 _a2694
999 _c797229
_d797229
650 _aORTHO